000 00585nam a2200253Ia 4500
005 20260121161054.0
008 008 260114s9999 xx 000 0 eng d
020 _a9780203442265
037 _aEBOOK
040 _aCRL
040 _beng
040 _cCRL
041 _2eng
041 _aeng
084 _qCRL
100 _a Yip Po-Ching
_91039849
245 4 _aThe Chinese Lexicon
260 _bTaylor and Francis
260 _c2000
856 _uhttp://www.taylorfrancis.com/books/9780203442265
942 _cEBOOK
999 _c1606665
_d1606665